Avatar: The Last Airbender- Character Quiz - Statistics

General Stats
  • This quiz has been taken 329 times
  • The average score is 39 of 52
Answer Stats
Hint Answer % Correct
The Avatar Aang
100%
Flying bison Appa
100%
Waterbender girl Katara
100%
Banished prince Zuko
100%
Cute lemur Momo
99%
Guy with boomerang Sokka
99%
Evil princess Azula
98%
Leader of girl warriors Suki
98%
Earthbender girl Toph
98%
Wise uncle Iroh
97%
The Firelord Ozai
97%
Constantly bored girl Mai
96%
Leader of Freedom Fighters Jet
95%
Circus girl Ty Lee
94%
Firebender Avatar Roku
92%
King of Omashu Bumi
91%
Earthbender Avatar Kyoshi
91%
Turns into the moon Yue
88%
Started the War Sozin
87%
His son Azulon
83%
Fire Nation admiral Zhao
83%
Waterbending master Pakku
82%
Chief of the Southern Watertribe Hakoda
80%
Airbending monk Gyatso
79%
Only earthbender of his village Haru
79%
Blows things up with his mind Combustion Man
78%
Head of the Dai Li Long Feng
76%
Banished Firelady Ursa
76%
Girl who replaces him Smellerbee
74%
Invented bloodbending Hama
73%
Firebending master who hates fire Jeong Jeong
71%
Facestealing spirit Koh
71%
Really small member The Duke
71%
Constantly silent member Longshot
69%
His wife Kya
68%
Master swordsman Piandao
67%
Airbender Avatar Yangchen
67%
Really big member Pipsqueak
65%
Waterbender Avatar Kuruk
64%
He loves his cabbages Cabbage merchant
62%
Professional wrestler The Boulder
61%
Also known as "Gran Gran" Kanna
59%
Sassy bountyhunter June
58%
Indian Guru Pathik
56%
Warrior of the Southern Water Tribe Bato
52%
Brainwashed smiling woman Joo Dee
48%
Panda-shaped forest spirit Hei Bai
47%
Elderly twin sisters Lo and Li
46%
Earth King Kuei
45%
His paralyzed son Teo
41%
Brilliant inventor The Mechanist
40%
Disguised as giant plant monster Huu
21%
No matching quizzes found
Score Distribution
Percent of People with Each Score
Percentile by Number Answered
Your Score History
You have not taken this quiz